000 01068nam a2200313Ia 4500
005 20220317001451.0
008 161108s2002 s g 000 f s
020 _a9788478887040
100 1 _aMárai, Sándor
_d1900-1989
245 1 0 _aDivorcio en Buda
_cSándor Márai ; traducción del húngaro de Judit Xantus Szarvas
250 _a15a. edición
300 _a190 páginas
_c22 cm
490 _aNarrativa
500 _aIncluye datos biográficos del autor en la solapa
534 _tValas Budan
650 1 4 _2LEMB
_aNovela húngara
_ySiglo XX
650 1 4 _2LEMB
_aLiteratura húngara
_ySiglo XX
650 1 4 _2LEMB
_aAmor en la literatura
650 1 4 _2LEMB
_aDivorcio en la literatura
650 1 4 _2LEMB
_aRelaciones de pareja en la literatura
700 1 _aXantus Szarvas, Judith
_etraductor
_919389
942 _2loc
_cBKLIT
264 _aBarcelona
_bSalamandra
_c2002
336 _atexto
_btxt
_2rdacontent
337 _asin mediación
_bn
_2rdamedia
338 _avolumen
_bnc
_2rdacarrier
040 _aCO-BoRNBP
_bspa
_erda
_cCO-BoRNBP
084 _aN MAR19
999 _c7063
_d7063